000 01119nam2a22002531 4500
001 RU\NLR\INFOCOMM15\1000131807
005 20250617121512.0
035 _a(NLR Aleph) 002594719
090 _a3390913
_c3390913
100 _a20040609d1925 |||y0rusy50 ca
101 0 _arus
102 _aRU
105 _ay |||||||||
200 1 _aЭкспериментальное определение аберраций при помощи интерферометра Тваймана
_fК.В. Бутков
210 _d1925
_aБ. м.
461 0 _1001RU\NLR\INFOCOMM15\1000131780
_12001#$aТруды Государственного оптического института$vТ. 4, Вып. 29
_92382893
_a"Оптический институт им. С. И. Вавилова", всероссийский научный центр (Санкт-Петербург)
_cСПб.
_d1919 -
_tТруды ГОИ
_x0371-7100
_vТ. 4, Вып. 29
700 1 _aБутков
_bК. В.
801 1 _aRU
_bInfoComm
_c20040609
801 0 _aRU
_bNLR
_gPSBO
852 _aNLR
_jП7/463
942 _cISSUE
980 _aNB
980 _aRUSPER